Представление документа в формате RUSMARC

ПолеНазваниеЗначение
  Тип записи a
  Библиографический уровень m
001 Контрольный номер 0fca74c93fd849c78112c5580ed73939
005 Дата корректировки 20160202104643.8
010 Индекс ISBN __
a ISBN 978-5-222-22015-3
d Цена 246,00
101 Язык документа 0_
a Язык текста rus
102 Страна публикации __
a Страна публикации RU
200 Заглавие и сведения об ответственности 1_
a Заглавие Психология общения
b Общее обозначение материала Текст
e Сведения, относящиеся к заглавию учебник
f Первые сведения об ответственности Л. Д. Столяренко, С. И. Самыгина
205 Сведения об издании __
a Основные сведения об издании 2-е изд., стер.
210 Выходные данные 1_
a Место издания Ростов н/Д
c Издательство Феникс
d Дата издания 2014
215 Физическое описание __
a Объем 317,[1]с.
225 Серия 2_
a Серия Среднее профессиональное образование
610 Ключевые слова 0_
a Ключевые слова психология
a Ключевые слова психология общения
a Ключевые слова общение
a Ключевые слова невербальное общение
a Ключевые слова восприятие
a Ключевые слова память
a Ключевые слова мышление
686 Индексы других классификаций __
a Классификационный индекс 88
700 Автор _1
a Фамилия Столяренко Л. Д.
801 Источник записи _0
a Страна RU
b Организация РУК
g Правила каталогизации PSBO
801 Источник записи _1
a Страна RU
b Организация РУК
g Правила каталогизации PSBO
852 Данные о местонахождении __
i Авторский знак С 81
j Шифр хранения 88
b Сигла хранения ЧЗ_2
t Номер экземпляра 1
p Инвентарный номер 1800150219
901 Тип документа __
t Тип документа m
937 Технологическая информация __
a Создатель записи (имя) Носкова
938 Служебная информация __
a Название организации Саранский филиал
952 Тип литературы __
b Гриф литературы для ВШ гриф МО
c Вид литературы учебник